Những kỳ tích của vùng đất lửa Kỳ 27
Saved in:
| Main Author: | |
|---|---|
| Format: | Book |
| Language: | Undetermined |
| Subjects: | |
| Online Access: | http://lrc.tdmu.edu.vn/opac/search/detail.asp?aID=2&ID=23340 |
| Tags: |
Add Tag
No Tags, Be the first to tag this record!
|
| Institutions: | Trung tâm Học liệu Trường Đại học Thủ Dầu Một |
|---|
| LEADER | 00651nam a2200169Ia 4500 | ||
|---|---|---|---|
| 001 | TDMU_23340 | ||
| 008 | 210410s9999 xx 000 0 und d | ||
| 082 | |a 330.9 | ||
| 100 | |a Trúc Quỳnh | ||
| 245 | 0 | |a Những kỳ tích của vùng đất lửa | |
| 245 | 0 | |c Trúc Quỳnh | |
| 245 | 0 | |n Kỳ 27 | |
| 245 | 0 | |p Nâng tầm dịch vụ | |
| 300 | |a 2tr | ||
| 650 | |a Bình Dương; Phát triển kinh tế; Lĩnh vực dịch vụ ; Đa dạng hóa các dịch vụ; Kinh tế | ||
| 856 | |u http://lrc.tdmu.edu.vn/opac/search/detail.asp?aID=2&ID=23340 | ||
| 980 | |a Trung tâm Học liệu Trường Đại học Thủ Dầu Một | ||